Biggest Asian Cities A-Z - Statistics

General Stats
  • This quiz has been taken 914 times
  • The average score is 19 of 26
Answer Stats
Population City % Correct
B 19,800,000 Beijing
96%
T 40,400,000 Tokyo
96%
D 30,300,000 Delhi
95%
S 33,600,000 Shanghai
95%
J 31,300,000 Jakarta
94%
G 46,700,000 Guangzhou
92%
M 25,700,000 Manila
89%
O 17,700,000 Osaka
85%
W 9,050,000 Wuhan
85%
K 17,800,000 Karachi
83%
X 10,000,000 Xiamen
78%
L 13,000,000 Lahore
76%
A 8,500,000 Ahmedabad
75%
C 11,300,000 Chennai
75%
I 16,000,000 Istanbul
70%
H 10,200,000 Hyderabad
66%
N 10,500,000 Nagoya
66%
R 8,050,000 Riyadh
65%
U 4,050,000 Urumqi
61%
Q 6,100,000 Qingdao
59%
Y 5,600,000 Yangon
55%
Z 4,950,000 Zhengzhou
54%
F 4,025,000 Fuzhou
52%
P 6,900,000 Pune
48%
E 1,090,000 Erbil
36%
V 2,225,000 Vadodara
18%
No matching quizzes found
Score Distribution
Percent of People with Each Score
Percentile by Number Answered
Your Score History
You have not taken this quiz